Bedhaya ketawang : tarian sakra di candi-candi

Bibliographic Details
Main Author: Hadiwidjojo K. G. P. H. (Author)
Format: Book
Published: Jakarta : Balai Pustaka , 1981
Subjects:

MARC

LEADER 00000cam a2200000 7i4500
001 0000007929
005 20220713093000.0
008 021119n
090 0 0 |a GV1741   |b .H32 
100 0 |a Hadiwidjojo   |c K. G. P. H. ,   |e author 
245 0 0 |a Bedhaya ketawang :   |b tarian sakra di candi-candi   |c uraian K.G.P.H Hadiwidjojo   |f disunting oleh Astuti Hendrato dan Amir Rochkyatmo 
260 2 |a Jakarta :   |b Balai Pustaka ,   |c 1981 
300 |a 58 ms. ; ;   |c 21 sm. 
650 0 |a Dance   |x Religious aspects 
650 0 |a Dancing   |x Folklore 
999 |a 1000010360   |b Book   |c OPEN SHELF (30 DAYS)   |e Gong Badak Campus 
999 |a 1000010361   |b Book   |c OPEN SHELF (30 DAYS)   |e Gong Badak Campus